000 00685nam a2200205Ii 4500
003 JO-AjNU
008 230605s9999||||xx |||||||||||||| ||und||
017 _a4691/1981
040 _aJO-AjNU
_bara
_erda
_cJO-AjNU
041 _aara
050 1 4 _aH62.5.1981
100 3 _aمنصور حسين،كرم حبيب,
_eauthor
_97573
245 0 0 _aدليل الدراسات البيئية في اطار التعليم الاساسي
264 3 1 _aالفجالة: مكتبة الوعي العربي،1981
300 _a123ص
336 _atext
_btxt
_2rdacontent
337 _aunmediated
_bn
_2rdamedia
338 _avolume
_bnc
_2rdacarrier
650 4 _aالعلوم الاجتماعية
_97574
999 _aA349
_c3917
_d3917